Canciones de Eladio Carrión por álbumes. - Estadísticas

Estadísticas generales
  • Esta prueba ha sido intentada 501 veces
    35 desde el último reinicio
  • La puntuación promedio es 75 de 153
Estadísticas de respuestas
Sauce Boyz % Correcto
3 Am ft. Brytiago
94%
Kemba Walker ft. Bad Bunny
94%
Mbappe
94%
Hielo ft. JHAYCO
88%
Body
81%
Hugo
81%
Mala Mia ft. Miky Woodz
81%
Tata ft. J Balvin
81%
Carta a Dios
75%
Mama's Boy ft. Nach
75%
Padre Tiempo
75%
4 Am
69%
Discoteca ft. Yandel, Cazzu
69%
Ele Uve
69%
Gladiador
69%
Hennessy ft. Cazzu,Cosculluela
69%
Mala Mia 2
69%
Mala Mía Otra Vez
69%
Mi Error ft. Zion
69%
Si la Calle Llama
69%
Toretto
69%
Adiós
63%
Air France
63%
Carta a Dios 2
63%
Coco Chanel ft. Bad Bunny
63%
Coroné
63%
Daikoku ft. Topboy TRG
63%
H.I.M.
63%
Intro
63%
Kimchi ft. Myke Towers
63%
Mami Me Pregunta Si Trapeo
63%
Mariposas
63%
Mbappé Remix ft. Future
63%
Nena Buena ft. Lunay
63%
Problema
63%
Ricky Bobby
63%
Si Salimos ft. 50 Cent
63%
Vida Buena
63%
100 Conmigo
56%
AL CAPONE
56%
AMG ft. Young Miko
56%
Benji
56%
Carta Para Mis Fans
56%
E.L.A.D.I.O.
56%
El Hokage
56%
Estrella
56%
Flores en Anónimo
56%
Friends
56%
Gladiador Remix ft.Lil Wayne
56%
Hielo Remix ft. JHAYCO,Dalex
56%
Impredecible ft. Mora
56%
La Canción Feliz Del Discoft. Milo j
56%
Lluvia Remix ft. Amenazzy,Rauw Alejandro, Lyanno
56%
Me Gustas Natural ft. Rels B
56%
Mi Error Remix ft.Zion & Lennox,
Wisin & Yandel, Lunay
56%
Par de Tenis
56%
Progreso
56%
Quizás, Tal Vez
56%
Rápido ft. Jon Z, Noriel
56%
RKO
56%
Sauce Boy Freestyle 3
56%
Actriz ft. Arcángel
50%
Bendecido
50%
Betty ft. SHB, Hydro
50%
¿Cómo? (Skit)
50%
Ele Uve Remix ft. NatanaelCano, Ovi, Noriel
50%
El Reggaetón del Disco ft. Cris Mj
50%
Entre Tantas ft. Lyanno,Brray
50%
Especial
50%
Fuego
50%
GUWOP ft. Midnvght
50%
La Vida
50%
Mi Funeral ft. J Balvin,Ñengo Flow
50%
Mírame
50%
Money En Mi Mente
50%
Ohtani
50%
Özil
50%
Paz Mental
50%
Polaroid
50%
Ponte Linda
50%
Romeo y Julieta ft. Quevedo
50%
Sin Frenos ft. Bizarrap, Duki
50%
Sonrisa
50%
Todo o Nada ft. Corina Smith
50%
Vetements ft. Myke Towers
50%
Alejarme de Ti ft. JayWheeler
44%
Cheque ft. Jon Z, Noriel
44%
Claro Cristal
44%
Corona Freestyle
44%
De Chamaquitx ft. Cazzu
44%
Hey Lil Mama ft. RauwAlejandro
44%
Hola Como Vas
44%
Invencible
44%
Jóvenes Millonarios ft.Myke Towers
44%
Luchas Mentales
44%
Mami Dijo
44%
Me Muero ft. Lia Kali
44%
Midas
44%
No Te Deseo el Mal ft.Karol G
44%
Safe With Me ft.Lil Mosey
44%
Sauce Boy Freestyle 5
44%
Si La Calle Llama Remix ft.Myke Towers
44%
Tanta Droga ft. Arcángel,De La Ghetto
44%
Tiffany ft. Peso Pluma
44%
TQMQA
44%
Tu Ritmo
44%
Broly ft. Neutro Shorty
38%
Confio En Mi
38%
Cuevita
38%
Friends Remix ft. Lil Tjay,Luar La L
38%
Gastar
38%
Guerrero
38%
Haciendo Dinero
38%
Hp Freestyle
38%
Huh? ft. Smokepurpp
38%
La H
38%
M3 ft. Fivio Foreing
38%
Mencionar
38%
Molly Con Henny 2
38%
¿Qué Carajos Quieres TúAhora?
38%
Quienes Son Ustedes
38%
Sauce Boy Freestyle 4
38%
Sin Ti
38%
Socio ft. Luar La L
38%
Vida Buena Remix ft.Arcángel
38%
Branzino ft. Big Sean
31%
Call My Line ft. Jessie Reyez
31%
Como Sea ft. Arcángel
31%
El Malo ft. Sech
31%
Fé, Cojones y Paciencia
31%
La Novena
31%
Piedras en la Ventana
31%
Sigo Enamorau' ft. Yandel
31%
Te Dijeron
31%
Touch Your Body
31%
Tranquila Baby
31%
Tu Amor
31%
Y U So Cold?
31%
5 Star
25%
Cancela To' (Skit)
25%
Caras Vemos
25%
Cómodo
25%
Cuenta a 10
25%
Mosh Pit Muzik
25%
No Me Importa un Carajoft. Ovi
25%
Peso a Peso ft. Quavo, RichThe Kid, Ñengo Flow
25%
Ponte Linda Remix ft.Farruko
25%
Todo Lit ft. Duki
25%
La Fama
19%
Miradas Raras ft. Sech
19%
Primera Vez ft. Nicky Jam
19%
Cuarentena
13%
That mother***** Eladio (Skit)
13%
No se encontraron pruebas coincidentes
Distribución de puntuación
Porcentaje de gente con cada puntuación
Porcentaje por número respondido
Historial de tus puntuaciones
No has intentado esta prueba desde el último reinicio